[Event "Lippstadt 12th"]
[Site "Lippstadt"]
[Date "2004.07.26"]
[Round "3"]
[White "Koneru, Humpy"]
[Black "Buhmann, Rainer"]
[Result "1-0"]
[WhiteElo "2511"]
[BlackElo "2532"]
[Annotator "Meulders,R"]
[PlyCount "97"]
[EventDate "2004.07.24"]
[EventType "tourn"]
[EventRounds "9"]
[EventCountry "GER"]
[EventCategory "10"]
[SourceTitle "CBM 103"]
[Source "ChessBase"]
[SourceDate "2004.11.11"]
[SourceVersion "1"]
[SourceVersionDate "2004.11.11"]
[SourceQuality "1"]

1. d4 Nf6 2. c4 d6 3. Nc3 Bf5 4. f3 e5 5. e4 exd4 6. Qxd4 Nc6 7. Qf2 Be6 8. Be3
(8. Nd5 Ne5 9. Qc2 g6 (9... Ned7 10. Ne2 g6 11. Nec3 Bg7 12. Be3 O-O 13. Be2
Nh5 14. g4 Nhf6 15. Nf4 Qe7 16. O-O-O Ne5 17. g5 Nfd7 18. Nfd5 Bxd5 19. Nxd5
Qd8 20. f4 Nc6 21. h4 $18 {1-0 Aleksandrov,A-Martinovic,S/Bad Woerishofen 2001/
CBM 81 ext (72)}) 10. Bg5 Bg7 11. O-O-O Nxd5 12. Bxd8 Ne3 13. Qb3 Nxf1 14. Bg5
Bxc4 15. Qa3 h6 16. Bh4 $18 {1-0 Garcia Gonzales,G-Gheorghiu,F/Sochi 1964/MCD 
(33)}) (8. b3 Be7 (8... g6 9. Bb2 Bg7 10. Rd1 Qe7 11. Bd3 O-O 12. Bb1 a5 13.
Nd5 Bxd5 14. cxd5 Nb4 15. Ne2 Na6 16. O-O Ne8 17. Bxg7 Nxg7 18. Nd4 $16 {
1-0 Ganbold,C-Bayarsaihan,Y/Erdenet 1994/TD (30)}) 9. Bb2 O-O 10. Nge2 Nd7 11.
Rd1 Nc5 12. Nd5 Bxd5 13. cxd5 Ne5 14. Nd4 Bf6 15. Be2 c6 16. O-O cxd5 17. exd5
$16 {(...). 1-0 Levitt,J-Lenz,J/Neu Isenburg 1992/EXT 2003 (49)}) 8... g6 (8...
Ne5 9. b3 Be7 10. Qd2 (10. Rd1 O-O 11. Nge2 Nfd7 12. Nf4 Ng6 13. Nfd5 f5 14.
Nxe7+ Nxe7 15. exf5 Nxf5 16. Bd3 Nxe3 17. Qxe3 Qh4+ 18. Qf2 $11 {1-0 Goregliad,
S-Ritter,M/Long Island 1992/EXT 97 (61)}) 10... O-O 11. Nge2 Nfd7 12. Ng3 Nf6
13. Be2 c6 14. Rd1 Qa5 15. O-O Kh8 16. h3 Bd7 17. f4 $14 {1-0 Rossetto,
H-Herrera,F/Cordoba 1970/EXT 99 (47)}) (8... Be7 9. O-O-O O-O 10. Kb1 a6 11. g4
Ne5 12. Nd5 b5 13. Nxe7+ Qxe7 14. c5 Rfd8 (14... Nexg4 15. fxg4 Bxg4 $19) 15.
cxd6 Rxd6 16. Rxd6 Qxd6 $15 {1-0 Johannes,A-Meulders,R/Antwerp 1997/EXT 99 (67)
}) 9. O-O-O {[%cal Gd1d8] Greift indirekt mit Tempogewinn (Rochade) die
schwarze Dame an, aber wenn das Speil am Damenflügel geöffnet wird, steht der
weisse K nicht sehr sicher.} (9. Nd5 $5) 9... Bg7 10. Kb1 a6 11. Nh3 Nd7 12.
Nd5 Nce5 13. Nhf4 b5 14. c5 ({Falls Weiss materiellen Vorteil sucht, bekommt
er Schwierigkeiten, weil er lang rochiert hat, z.B.} 14. cxb5 axb5 15. Bxb5 $6
(15. Nxe6 fxe6 16. Nf4 Qe7 17. Bxb5 O-O 18. Bc1 (18. Qc2 Rfb8 {[%cal Ga8a2,
Gb8b2,Gg7b2]} 19. Bxd7 (19. Be2 Nxf3 20. gxf3 Rxb2+ 21. Qxb2 Bxb2 22. Kxb2 (22.
Bc4 Bf6 23. Bxe6+ Kh8 $19) 22... Qf6+ $19) 19... Nxd7 20. Bc1 Nc5 21. Nd3 Na4)
18... Rfb8 19. Be2 Nc5 $15) 15... c6 16. Nxe6 fxe6 17. Nb6 Nxb6 18. Bxb6 Qb8 {
[%cal Ga8a2,Gb8b2,Gg7b2]} 19. Be2 c5 {[%csl Rb6]} 20. f4 O-O $19 {[%csl Rb6]
[%cal Gf8f2]}) ({Am besten für Weiss erscheint} 14. Nxe6 fxe6 15. Nf4 Qe7 16.
cxb5 axb5 17. Qc2 c6 18. Qb3 Kf7 19. Be2 Rhb8 {mit etwa gleichen Chancen.})
14... dxc5 15. Bxc5 Nxc5 16. Qxc5 c6 17. Nxe6 fxe6 18. f4 (18. Ne3 Qe7 19.
Qxe7+ Kxe7 20. f4 Nf7 21. Rc1 Rac8 {[%cal Gg7b2] Die schwarze Bauernstellung
ist etwas schlechter, aber er steht aktiv genug für gleichen Spiel.}) 18...
cxd5 ({Kritisch ist} 18... Nd7 $5 {womit Schwarz eine Figur gewinnt, aber die
Folge scheinen nicht günstig zu sein für ihn:} 19. Qxc6 $8 exd5 20. e5 $1 Ra7
$1 (20... Rc8 $2 21. Qxa6 O-O 22. Qe6+ Kh8 23. Qxd5 Qc7 24. Bxb5 Nb6 25. Qe4
$18 {Weiss hat zuviele Bauern.}) 21. e6 Qf6 22. exd7+ Rxd7 23. Re1+ Kf8 24.
Qxf6+ Bxf6 25. Re6 Kg7 26. Rxa6 b4 27. Rb6 $16 {Die ungleichfarbige Läufer
machen den Gewinn für Weiss nicht leicht, aber Schwarz wird doch leiden.}) 19.
fxe5 {[%csl Gc5,Rd5,Re8][%cal Gc5f8,Gc5c6,Gc6a8,Gd1d8] Schwarz sollte
schnelstens die Damen tauschen, weil sein König schlecht steht.} Rc8 $5 (19...
Qc8 $5 20. Qxc8+ Rxc8 21. exd5 Rf8 $1 {mit gutem, aktivem Spiel.Z.B.} 22. Be2 (
22. dxe6 $2 Rf2 23. Rc1 Rxc1+ 24. Kxc1 Bxe5 $17) 22... Rf2 23. Rd2 Ke7 $15) 20.
Qa3 Qe7 $1 {Der folgende Bauernverlust ist nur vorläufig. Viel wichtiger ist
dass Schwarz jetzt rochieren kann.} 21. Qxa6 (21. Qxe7+ Kxe7 22. exd5 Rhf8 $1
$15) 21... O-O 22. Be2 Bxe5 23. exd5 exd5 24. Bg4 (24. Bf3 Kh8 25. Rxd5 Qc7 26.
Rd2 Bf4 27. Rdd1 Qc2+ 28. Ka1 Rc5 29. Qa5 $1 Be5 30. Qb4 Rf4 31. Qb3 Qxb3 32.
axb3 Rc2 {und Schwarz hat mehr als genügend Kompensation für den Bauer.}) 24...
Rce8 (24... Rc5) 25. Rhe1 Kh8 26. Qxb5 Qg7 27. Qe2 Re7 28. Bf3 $6 (28. Rxd5 $5
$16) 28... Rb8 29. b3 Bf6 30. Qf2 Rxe1 31. Rxe1 Qc7 {[%cal Gc7c3,Gc3a1]} 32.
Qg3 Qb6 {In der Folge versucht Schwarz immer wieder die Batterie von Q und B
auf zu stellen. Weiss kann sich dagegen verteidigen durch Kontrolle des Feldes
wo die schwarze Q hin kann, oder durch Angriffe auf R oder B.} (32... Qxg3 33.
hxg3 d4 $14) 33. Bxd5 {[%csl Rb8][%cal Gg3b8]} Rd8 34. Rd1 $1 {[%csl Rd4]} Qc5
{[%cal Gc5a3,Ga3b2]} 35. Qf3 Kg7 36. g4 Qe7 {[%cal Ge7e5,Ge5a1]} 37. g5 $5 (37.
Qf4 g5 38. Qc4 Qe5 {[%cal Ge5b2,Gb2a1]}) 37... Bxg5 38. Rf1 Qe5 39. Qf7+ Kh6 {
Hier steht der K geschützt. Weiss muss andauernd auf der Hut sein, denn die
Batterie schwarze Q+B wäre möglich tödlich.} 40. h4 $6 (40. Bc4 Qe4+ 41. Ka1
Be3 $19) (40. Bb7 Rd2 41. Qf8+ Kh5 42. Qf3+ Kh4 43. Qe4+ Qxe4+ 44. Bxe4 Re2 $11
) 40... Be3 (40... Be7 $1 {[%csl Rb2][%cal Ge7a3]}) 41. Bf3 Qc5 (41... Bc5 $1 {
[%cal Gd8f8]}) 42. Be4 Qe5 ({Oder} 42... Qb4 $1 {Aktiv bleiben!}) 43. Bc2 Bd2
$2 {Droht nichts und Weiss ist her wie der Teufel hinter der armen Seele, na
ja, König.} (43... Bc5 $1 {[%cal Gd8f8,Gf8f1]}) 44. h5 $1 Qxh5 (44... Qg7 45.
hxg6 Qxf7 46. gxf7 $18) 45. Be4 {[%csl Gh1,Rh5,Rh6][%cal Gf1h1]} Bg5 $4 {
Oje, Zeitnot nehme ich an.} (45... Be3 $1 {rettet die Partie, weil das geplante
} 46. Rh1 $4 {nun furchtbar scheitert:} Rd1+ 47. Rxd1 Qxd1+ 48. Kb2 Qc1#) 46.
Rh1 {und es ist vorbei.} (46. Bf3 {ist auch sehr stark, aber leitet zur
Partiefolge..} Qh4 47. Rh1 Qxh1+ 48. Bxh1 Rd1+ 49. Kc2 Rxh1 50. Qf8+ Kh5 51.
Qf3+ {[%csl Rh1,Rh5][%cal Gf3h5,Gf3h1] Die für Schwarz sehr unangenehme Pointe.
}) 46... Qxh1+ (46... Bh4 47. Qf4+ g5 48. Qf6+ {[%csl Rg6]}) 47. Bxh1 Rd1+ 48.
Kc2 Rxh1 49. Qf8+ {Eine sehr gute Illustration der blutigen taktischen
Scharmützel mit schweren Figuren und ungleichfarbigen Läufern.} 1-0

[Event "Olomouc Skanska Cup"]
[Site "Olomouc"]
[Date "2004.08.07"]
[Round "4"]
[White "Lagowski, Patryk"]
[Black "Sarakauskas, Gediminas"]
[Result "1/2-1/2"]
[WhiteElo "2415"]
[BlackElo "2442"]
[Annotator "Meulders,R"]
[PlyCount "83"]
[EventDate "2004.08.04"]
[EventType "tourn"]
[EventRounds "11"]
[EventCountry "CZE"]
[EventCategory "9"]
[SourceTitle "CBM 103"]
[Source "ChessBase"]
[SourceDate "2004.11.11"]
[SourceVersion "1"]
[SourceVersionDate "2004.11.11"]
[SourceQuality "1"]

1. d4 d6 2. Nf3 Bg4 3. c4 Nd7 4. Nc3 e5 {Diese Stellung entsteht auch oft auf
einen anderen Weg, nach 1.c4 e5 2.Nc3 d6 3.Nf3 Bg4 4.d4 Nd7. Mehrere starke
Spieler haben die schwarze Aufstellung schon angewandt.} 5. e3 ({Eine
scheinbar bizarre Alternative ist} 5. Be3 {wie im altesten Beispeil das ich
mit dieser Variante gefunden habe:} Ngf6 6. h3 Bxf3 7. exf3 Be7 8. f4 O-O 9.
Be2 exd4 10. Qxd4 c6 11. Bf3 Ne8 12. O-O f5 13. Qd3 Nc5 14. Qc2 a5 15. Rad1 Qc7
16. Rfe1 $16 {1-0 O'Kelly de Galway,A-Pirc,V/Zagreb 1955/MCD (41)}) 5... Ngf6
6. Be2 Be7 7. h3 Bh5 8. Qb3 (8. d5 O-O 9. e4 Nc5 10. Qc2 Bg6 11. Nd2 c6 12. b4
Na6 13. a3 Nc7 14. Qb3 a5 15. Rb1 axb4 16. axb4 Nd7 {1/2-1/2 Platonov,
I-Smyslov,V/Leningrad 1971/URS-ch (41)}) (8. b3 {Ribli} c6 9. d5 O-O 10. dxc6
bxc6 11. O-O Nc5 12. Ba3 $6 Qa5 13. Bb2 Qb6 $10 14. Rb1 $6 (14. Nh4 {Ribli}
Bxe2 (14... Bg6 {(Ribli) Ribli} 15. Nxg6 hxg6 16. Qc2) 15. Qxe2 g6 $10) 14...
Bg6 15. Rc1 a5 16. Ba3 Nfe4 $1 17. Nxe4 Bxe4 (17... Nxe4 $2 {Ribli} 18. Nxe5
$16) 18. Ne1 Rfd8 19. Nd3 Bg6 20. Nxc5 $6 dxc5 21. Qe1 a4 22. Rc3 e4 $6 {ץg6}
(22... Bf6 $1 $17 {Ribli}) 23. bxa4 Rxa4 24. Qc1 Qa6 25. Rd1 Ra8 26. Bb2 Rxa2
27. Rb3 {/\ Rd7} Bf5 $1 {/\ Be6 ><c4} 28. Qb1 Qc8 29. Bf1 h5 30. Be2 $6 Bg6 $1
{/\ Qf5} 31. Rd2 Bf6 32. Qd1 Qf5 33. Bf1 Kh7 $1 34. Bxf6 Qxf6 35. Qe2 $2 $138
Ra1 $17 36. Rbb2 $2 Qc3 $19 37. Rbc2 Qd3 $1 38. Rb2 Qxe2 39. Rxe2 Bf5 40. Rec2
Be6 {/\ 41... Rd1 42. Rd2 Rf1!-+. 0-1 Miles,A-Anand,V/Manila 1990/CBM 19/
[Anand] (40)} 41. f3 exf3 42. Kf2 fxg2 43. Bxg2 R8a6 44. h4 R1a4 $19) 8... Rb8
9. g4 (9. dxe5 {ist möglich aber liefert nichts auf, denn nach} dxe5 {ist} 10.
Nxe5 $6 {jetzt sehr riskant, z.B.} Nxe5 11. Qb5+ Nfd7 $1 12. Bxh5 c6 13. Qb3
Nc5 {[%csl Rd3]} 14. Qc2 Ncd3+ 15. Ke2 Qd7 $1 16. f4 Qf5 $1 17. fxe5 Rd8 $1 {
Droht Matt mit Qf2 und Nxb2#} 18. Bxf7+ Qxf7 $17) 9... Bg6 10. Nh4 c6 11. Nxg6
hxg6 {Auf Grund des Läuferspaars dürfte Weiss etwas besser stehen.} 12. Bf3 Qb6
13. Qxb6 Nxb6 14. b3 $14 O-O 15. a4 ({Mit} 15. dxe5 $5 {hätte Weiss seinen
König besser schützen können.} dxe5 16. a4 Bb4 17. Bd2 Rfd8 18. Ke2 Rd7 19.
Rhd1 Rbd8 20. Be1 g5 21. a5 Bxc3 22. Bxc3 e4 23. Bg2 Rxd1 24. Rxd1 Rxd1 25.
Kxd1 Nbd7 26. b4 {und in dieser Stellung kommen die Läufer sehr gut zur
Geltung.}) 15... exd4 16. exd4 d5 $5 17. c5 Nbd7 18. Bf4 Ra8 (18... Rbe8 $5 {
[%csl Re1][%cal Ge8e1]} 19. Kd2 Nh7 $1 {[%csl Gg5][%cal Ge7g5,Gh7g5]} 20. Rae1
Bg5 21. Be3 (21. Bxg5 Nxg5 22. Bg2 Ne6 {[%csl Rd4,Rf4,Rg2][%cal Ge6d4,Ge6f4]}
23. Ne2 a5 $11) 21... Bxe3+ 22. fxe3 Ng5 23. Bg2 Nf6 {und Schwarz steht sicher
nicht schlechter.}) 19. Kd2 Nh7 {[%csl Rf3,Gg5][%cal Ge7g5,Gh7g5]} 20. h4 g5
21. Bg3 f5 $2 {[%csl Rd7,Re7,Rh7] Sehr optimistisch. Mit seinen passiveren
Figuren sollte Schwarz m.E. bestimmt nicht die Stellung öffnen.} (21... gxh4
22. Bxh4 Ng5 23. Bg2 Bf6 24. f3 (24. f4 $2 Ne6 $15) 24... Rae8 25. Rad1 {
mit kleinem Vorteil.} (25. Rae1 {scheitert auf taktischen Gründen.} Rxe1 26.
Rxe1 Nxf3+ $1 {[%csl Rh4]} 27. Bxf3 Bxh4 $17)) 22. Rae1 Bf6 23. gxf5 $6 ({
Weiss verpasst hier eine ausgezeichnete Gelegenheit mittels} 23. Nxd5 $1 {
Vorteil zu erreichen, z.B.} cxd5 24. Bxd5+ Kh8 25. Bxb7 gxh4 26. Bxh4 Rab8 27.
Bc6 Rfd8 28. Bxf6 Ndxf6 29. g5 $18) 23... Bxd4 24. Nxd5 $1 {Noch immer seh gut,
aber vielleicht nicht mehr so stark wie beim vorigen Zug.} g4 25. Ne7+ Kf7 $8 (
25... Kh8 26. Ng6+ $18) 26. Bxg4 Nhf6 27. Ng6 $16 (27. Bf3) 27... Rfe8 28. Bf3
Nxc5 29. Kc2 Nd5 30. Bxd5+ (30. Ne5+ Kg8 31. Nd3 $14) 30... cxd5 31. Nf4 Ne4
32. Nxd5 Nxf2 33. Bxf2 Bxf2 34. Rxe8 Rxe8 35. Rh2 Be1 36. Kd3 Re5 37. Ne3 Bg3
38. Rc2 $2 (38. Rh3 $1 Bf4 39. Ng4 Re1 (39... Rxf5 $2 40. Ke4 g6 41. Rf3 Bc1
42. Rxf5+ gxf5+ 43. Kxf5 $16) 40. Rf3 Bb8 41. f6 {und Weiss ist noch immer im
Vorteil.}) 38... Bxh4 $11 39. Rc7+ Re7 40. Rxe7+ Kxe7 41. Nc4 Kd7 42. Ne5+
1/2-1/2

[Event "Olympiad-36"]
[Site "Mallorca"]
[Date "2004.10.24"]
[Round "9"]
[White "Ramirez Alvarez, Alejandro"]
[Black "Campora, Daniel Hugo"]
[Result "0-1"]
[WhiteElo "2519"]
[BlackElo "2549"]
[Annotator "Meulders,R"]
[PlyCount "66"]
[EventDate "2004.10.15"]
[EventType "team-swiss"]
[EventRounds "14"]
[EventCountry "ESP"]
[SourceTitle "CBM 104"]
[Source "ChessBase"]
[SourceDate "2005.01.27"]
[SourceVersion "1"]
[SourceVersionDate "2005.01.27"]
[SourceQuality "1"]
[WhiteTeam "Costa Rica"]
[BlackTeam "Argentina"]
[WhiteTeamCountry "CRI"]
[BlackTeamCountry "ARG"]

1. Nf3 Nf6 2. c4 d6 3. d4 c6 4. Nc3 Bg4 5. Bg5 {Sehr seltsam.} Nbd7 6. e3 h6 7.
Bh4 g5 8. Bg3 Nh5 9. Qc2 (9. Qb3 {ist aktiver.}) 9... Bxf3 10. gxf3 Bg7 11. Bh3
Ndf6 12. O-O-O e6 13. Kb1 Qe7 {Schwarz vermeidet das übliche Qc7 wegen Bg3 und
bereitet auch 0-0-0 vor.} 14. Ne4 Nxg3 ({Nach} 14... O-O-O {ist} 15. Nxd6+ (15.
Qa4 Kb8 16. Qa3 Nxg3 17. hxg3 Rhe8 $11) 15... Rxd6 16. Bxd6 Qxd6 17. d5 Qe5 18.
Qb3 {unklar}) 15. hxg3 O-O-O 16. Qa4 Kb8 {Die Stellung bietet gleiche Chancen.
Man muss 'nur' einen guten Plan finden. Ein reines Bauernendspiel wäre sehr
günstig für Schwarz, wegen des entfernten Freibauers auf der h-Linie.} 17. Rd3
c5 18. Nc3 h5 19. Rhd1 a6 20. d5 {Ich glaube, es wäre besser gewesen, die
Spannung aufrecht zu halten, denn nun rückt Schwarz den h-Bauern vor.} (20. Qa5
{[%cal Ga5d8,Gd3d8,Gd1d7,Gd4c5]}) 20... h4 21. gxh4 Rxh4 {[%csl Ra4][%cal
Gh4h3,Gh4a4]} ({Nach} 21... gxh4 {hat Schwarz einen blockierten Freibauern;
wir sind nocht nicht im Bauernendspiel!}) 22. Bf1 Rh2 {Schwarz hat die
Initiative, =+} 23. dxe6 fxe6 24. R3d2 g4 $5 25. f4 $6 {Es war hier vielleicht
nicht leicht vorauszusehen, aber weil er dem Tausch aus dem Weg geht,
ermöglicht Weiß später g3, womit seine Bauernstellung am Königsflügel
gesprengt wird.} (25. fxg4 $1 Nxg4 26. Ne4 Qf8 27. Qa5 {und Weiß behält
aktives Spiel.}) 25... d5 {Schwarz spielt auf Gewinn. Er will aktiv sein, aber
belebt so auch den schlechten weißen Läufer.} 26. cxd5 exd5 27. Qb3 {[%csl Rb8]
[%cal Gf1a6]} Rd6 $17 28. Qc2 d4 $1 29. e4 {[%csl Rd6][%cal Gd2d6]} (29. Qf5
dxc3 30. Rxd6 Rxf2 31. Rd8+ Ka7 32. bxc3 Ne4 $19) (29. exd4 cxd4 30. Rxd4 Rxd4
31. Rxd4 g3 32. Qg6 Rxf2 33. Rd1 Ne4 34. Qxe4 Rxb2+ 35. Kc1 Qc5 $19) 29... Rc6
$19 {So leicht geht das. Schwarz hat einen starken, gedeckten d4-Bauern und
seine Initiative schwillt an.} 30. e5 {Die weiße Aktivität kommt zu spät.} dxc3
31. Rd8+ Ka7 32. exf6 Qxf6 {[%csl Rb2,Rf2,Rf4]} 33. b3 Rxf2 $3 {Eine tödliche
'petite combinaison'} (33... Rxf2 34. Qxf2 c2+ $1 35. Kxc2 (35. Qxc2 Qa1#) (35.
Kc1 Qb2+ 36. Kd2 cxd1=Q+ $19) 35... Qb2+ {[%csl Rf2][%cal Gb2f2]}) 0-1

[Event "Bundesliga 0405"]
[Site "Germany"]
[Date "2005.04.09"]
[Round "14.4"]
[White "Wahls, Matthias"]
[Black "Maiwald, Jens Uwe"]
[Result "1-0"]
[WhiteElo "2551"]
[BlackElo "2514"]
[Annotator "Meulders,R"]
[PlyCount "43"]
[EventDate "2004.11.12"]
[EventType "team-tourn"]
[EventRounds "15"]
[EventCountry "GER"]
[SourceTitle "CBM 107"]
[Source "ChessBase"]
[SourceDate "2005.08.01"]
[SourceVersion "1"]
[SourceVersionDate "2005.08.01"]
[SourceQuality "1"]
[WhiteTeam "Hamburger SK"]
[BlackTeam "Kreuzberg"]
[WhiteTeamCountry "GER"]
[BlackTeamCountry "GER"]

1. c4 e5 2. g3 Nf6 3. Bg2 c6 4. d4 d6 5. Nc3 (5. dxe5 {liefert keinen Vorteil
auf, weil die beste Methode in der Abtauschvariante (mit Rg1 und schnellem g4)
nicht mehr möglich ist.} dxe5 6. Qxd8+ Kxd8 7. Nf3 Bd6 8. Bg5 Be6 9. Nbd2 Nbd7
10. O-O-O Kc7 $11) 5... Be7 6. e4 O-O 7. Nge2 Nbd7 8. O-O Re8 9. h3 {[%csl Rg4]
[%cal Gf6g4,Gc1e3]} exd4 10. Nxd4 Bf8 11. Qc2 Ne5 12. b3 Ng6 13. Be3 Bd7 (13...
Qa5 14. Rad1 Qh5 15. Qe2 Qa5 16. Qd2 h6 17. f4 Bd7 18. f5 Ne5 19. Bf4 Qb6 20.
Kh2 Rac8 21. g4 {1/2-1/2 Zacharov,E-Boudignon,S/ICCF corr 1990 (21)}) 14. Rad1
Qc8 15. Kh2 Re5 (15... b5 16. cxb5 cxb5 17. Rc1 ({Eine hübsche Möglichkeit
entsteht jetzt nach} 17. e5 dxe5 18. Bxa8 exd4 19. Bxd4 Bf5 20. Qb2 Qxa8 21.
Bxf6 gxf6 22. Nd5 Bg7 23. Nc7 Qf3 24. Nxe8 Bxh3 25. Kxh3 (25. Rg1 Qh5 26. Nxg7
Kxg7 27. Rh1 Ne5 $19) 25... Nf4+ 26. Kh2 Qg2#) 17... b4 18. Ncb5 Qxc2 19. Rxc2
Re5 $11) 16. Bc1 Rh5 17. h4 d5 $2 (17... Ne5 18. Kg1 Be7 $11) 18. cxd5 Bd6 (
18... cxd5 19. Nxd5 Nxd5 20. Qxc8 (20. exd5 Bd6 21. Kg1 $16) 20... Rxc8 21.
exd5 Nxh4 $5 22. gxh4 Rxc1 23. Rxc1 Rxh4+ 24. Kg1 $1 (24. Kg3 $2 Rxd4 25. Bf3
$11) 24... Rxd4 25. Rc7 Bb5 26. Re1 $18) 19. Kg1 Qc7 20. dxc6 bxc6 21. Nf5 Be5
22. Bg5 1-0

[Event "EU-Cup 31st"]
[Site "Skopje"]
[Date "2015.10.21"]
[Round "4.1"]
[White "Gelfand, Boris"]
[Black "Romanov, Evgeny"]
[Result "1/2-1/2"]
[WhiteElo "2741"]
[BlackElo "2573"]
[Annotator "Meulders,R"]
[PlyCount "87"]
[EventDate "2015.10.18"]
[EventType "team-swiss"]
[EventRounds "7"]
[EventCountry "MKD"]
[SourceTitle "CBM 169"]
[Source "ChessBase"]
[SourceDate "2015.11.10"]
[SourceVersion "1"]
[SourceVersionDate "2015.11.10"]
[SourceQuality "1"]
[WhiteTeam "Belorechensk"]
[BlackTeam "Vaalerenga"]
[WhiteTeamCountry "RUS"]
[BlackTeamCountry "NOR"]

1. d4 Nf6 2. c4 d6 3. Nf3 Bg4 4. Nc3 Bxf3 5. exf3 g6 6. Be3 Bg7 7. Qb3 (7. g4
c6 8. h4 h5 9. g5 Nfd7 10. f4 Qa5 11. Qd2 d5 $6 12. cxd5 cxd5 13. f5 (13. b4 $1
) 13... gxf5 14. b4 Qd8 15. Nxd5 Nb6 16. Nf4 Nc6 17. Rd1 Nxd4 $2 (17... Nd5 18.
Bg2 $14) 18. Bxd4 Qxd4 19. Qxd4 Bxd4 20. Rxd4 e5 21. Bb5+ Kf8 22. Rd5 $1 $16
exf4 (22... Nxd5 23. Nxd5 Rd8 24. Ne3 a6 25. Ba4 Rd4 26. Bb3 Rg8 27. Nxf5 Rxb4
28. Ke2 $18) 23. Rxf5 Kg7 24. O-O Rad8 25. Rc1 Rd5 26. Rc5 Rxf5 27. Rxf5 Rd8
28. Be2 $18 Rd5 29. Rxf4 Nd7 30. Bxh5 f6 31. Be8 {1-0 (31) Istratescu,A (2628)
-Galego,L (2481) Bunratty 2012}) (7. Be2 O-O 8. f4 c6 9. h4 Qa5 10. Kf1 e5 11.
h5 Nbd7 12. hxg6 fxg6 13. fxe5 dxe5 14. d5 e4 15. Qd2 cxd5 16. cxd5 $16 {
1-0 (40) Vaganian,R (2645)-Milos,G (2575) Moscow 1994}) (7. Qd2 Nbd7 8. Be2 c6
9. d5 O-O 10. O-O cxd5 11. cxd5 a6 12. Rac1 Qa5 13. g4 $6 (13. a3 $14) 13...
Rfc8 14. g5 Ne8 15. f4 Nb6 16. Bxb6 Qxb6 17. Na4 Qd4 18. Qxd4 Bxd4 19. Rcd1 Ba7
20. Rd2 Ng7 $11 {1/2-1/2 (41) Wohl,A (2425)-Ikonnikov,V (2549) France 2007})
7... Qc8 8. Be2 O-O 9. O-O c6 (9... Nbd7 10. f4 c6 11. h3 e6 12. d5 exd5 13.
cxd5 c5 14. f5 gxf5 15. Qc2 Ne5 16. Rae1 a6 17. Bg5 Re8 18. f4 Ng6 19. Bd3 Ne7
$15 20. Rxe7 $5 Rxe7 21. Bxf5 Qf8 22. Qf2 Nh5 23. Bxe7 (23. Qh4 Bd4+ 24. Kh1 f6
25. Qxh5 fxg5 26. Qxg5+ Rg7 27. Be6+ Kh8 28. Qh4 $15) 23... Qxe7 24. Re1 Qd8
25. Kh2 Qf6 26. g4 Qd4 27. Qxd4 cxd4 {1/2-1/2 (27) Flores,D (2494)-Campora,D 
(2552) San Luis 2006}) 10. d5 Nbd7 11. Rac1 Qc7 12. Rfd1 $14 Rfc8 13. f4 Nc5
14. Qc2 cxd5 15. Nxd5 Nxd5 16. Rxd5 e6 17. Rdd1 a5 18. b3 Rd8 19. Bf3 Rac8 20.
h4 h5 21. Bd4 {There was no need to exchange the bishop just yet. White could
first have built up pressure on the d-file, though more than just a little
spatial advantage is not enough to win this game, also because White's
kingside pawn structure is crippled. So White clarifies the situation at once.}
Nd7 22. Bxg7 Kxg7 23. Qc3+ Nf6 $11 24. Qe3 b6 25. Rd4 b5 26. Qd2 Qb6 27. Rd1
bxc4 28. bxc4 Rc5 29. g3 Ne8 30. Be4 Rb8 (30... Qb4) 31. Rb1 Qc7 32. Rb3 Rxb3
33. axb3 Qb6 34. Bc2 Rc7 35. Qc3 Kg8 36. Qe3 Ng7 37. Be4 Kf8 38. Rd1 Qxe3 39.
fxe3 Ke7 40. Ra1 Rc5 41. Kf2 Nf5 42. Bxf5 gxf5 43. Ke2 Kd7 44. Kd3 1/2-1/2